Laddar...
Innovations in banking the Indian experiance
| Huvudupphovsman: | |
|---|---|
| Materialtyp: | Printed Book |
| Språk: | Undetermined English |
| Publicerad: |
New Delhi
Oxford and IBH publishing
1982
|
| Ämnen: |
| LEADER | 00543nam a2200157Ia 4500 | ||
|---|---|---|---|
| 008 | 140306s9999 xx 000 0 und d | ||
| 041 | |a eng | ||
| 082 | |a 332 |b RAN/IN | ||
| 100 | |a Rangarajan, C | ||
| 245 | |a Innovations in banking the Indian experiance | ||
| 260 | |a New Delhi |b Oxford and IBH publishing |c 1982 | ||
| 650 | |a Deposits | ||
| 650 | |a Financial Economics | ||
| 942 | |2 ddc |c BK | ||
| 999 | |c 119000 |d 119000 | ||
| 952 | |0 0 |1 0 |2 ddc |4 0 |6 332_000000000000000_RANIN |7 0 |9 118078 |a KAUHCV |b KAUHCV |d 2004-05-04 |o 332 RAN/IN |p KAU_HCV-16347 |r 2014-03-22 |w 2014-03-22 |y BK | ||